=LDR 00000nam 2200000 4500 =001 INLIS000000000020025 =005 20130612115024 =008 ***********************************Ind** =035 ##$$0010-061300000020025 =041 ##$$a Ind =082 ##$$a 574.873 =090 ##$$a 574.873, Sur s =100 ##$$a Suryo, Haji =245 ##$$a Sitogenetika, oleh H. Suryo =260 ##$$a 1995 $b Yogyakarta =300 ##$$a xiv, 446 hlm, ilus, 21 cm =650 ##$$a Sitogenetika =850 ##$$a NBPNMAT